| 000 | 01652nam0a2200349 4500 | ||
|---|---|---|---|
| 001 | RU\NLR\BIBL_A\022581726 | ||
| 005 | 20260420050529.0 | ||
| 010 |
_a978-5-93633-204-3 _9200 |
||
| 021 |
_aRU _bКН-П-25-028931 _9КН-П-25-2861 |
||
| 035 | _a(NLR Aleph) 022581726 | ||
| 090 |
_a13677253 _c13677253 |
||
| 100 | _a20250708d2025 u y0rusy50 ca | ||
| 101 | 0 | _arus | |
| 102 | _aRU | ||
| 105 | _aa j 000yy | ||
| 181 | 0 |
_ai _baxxe |
|
| 182 | 0 | _an | |
| 200 | 1 |
_aГеографические объекты окрестностей Норильска _eметодические рекомендации для занятий в рамках проекта Клуба исследователей Таймыра "Школа краеведа Норильска" _fЛариса Стрючкова _g[Фонд Президенских грантов] |
|
| 203 |
_aТекст _bвизуальный _cнепосредственный |
||
| 210 |
_aНорильск _cАПЕКС _d2025 |
||
| 215 |
_a30, [1] с. _cил. _d21 |
||
| 320 | _aБиблиогр.: с. 30 | ||
| 333 | _a0+ | ||
| 606 | 1 |
_aПриродные объекты _xОкрестности _yНорильск, город (Красноярский край) _92677151 _3RU\NLR\AUTH\6601759938 |
|
| 686 | 1 | _aД829(2Р54-4Кра-2) | |
| 700 | 1 |
_aСтрючкова _bЛ. Н. _f1965- _gЛариса Николаевна |
|
| 712 | 0 | 2 |
_4570 _aКлуб исследователей Таймыра _cНорильск _9642093 _3RU\NLR\AUTH\880490888 |
| 942 | _cBOOK | ||
| 980 | _aNB | ||